|
|
|
|
| LEADER |
02794nam a22005295i 4500 |
| 001 |
978-3-319-32665-8 |
| 003 |
DE-He213 |
| 005 |
20160513135712.0 |
| 007 |
cr nn 008mamaa |
| 008 |
160513s2016 gw | s |||| 0|eng d |
| 020 |
|
|
|a 9783319326658
|9 978-3-319-32665-8
|
| 024 |
7 |
|
|a 10.1007/978-3-319-32665-8
|2 doi
|
| 040 |
|
|
|d GrThAP
|
| 050 |
|
4 |
|a GF125
|
| 072 |
|
7 |
|a RPC
|2 bicssc
|
| 072 |
|
7 |
|a SCI030000
|2 bisacsh
|
| 082 |
0 |
4 |
|a 307.76
|2 23
|
| 100 |
1 |
|
|a Bahrainy, Hossein.
|e author.
|
| 245 |
1 |
0 |
|a Toward an Integrative Theory of Urban Design
|h [electronic resource] /
|c by Hossein Bahrainy, Ameneh Bakhtiar.
|
| 264 |
|
1 |
|a Cham :
|b Springer International Publishing :
|b Imprint: Springer,
|c 2016.
|
| 300 |
|
|
|a X, 113 p. 248 illus.
|b online resource.
|
| 336 |
|
|
|a text
|b txt
|2 rdacontent
|
| 337 |
|
|
|a computer
|b c
|2 rdamedia
|
| 338 |
|
|
|a online resource
|b cr
|2 rdacarrier
|
| 347 |
|
|
|a text file
|b PDF
|2 rda
|
| 490 |
1 |
|
|a University of Tehran Science and Humanities Series,
|x 2367-1092
|
| 505 |
0 |
|
|a Urban Design Definition, Knowledge Base and Principles -- Urban Design Theory -- Urban Design Language -- Integrative Language of Urban Design.
|
| 520 |
|
|
|a This book takes a bold epistemological approach to address the fundamental questions that urban design has faced since its inception – questions concerning its legitimacy, definition, nature, content, purpose, theory, methods, jurisdiction and above all its knowledge base. The appropriate level of urban design – global or local – is another critical and emerging question discussed. At the end, an integrative theory of urban design is introduced, on the basis of which a set of principles is developed for application by practicing urban designers. These principles are presented at three essential levels: general, global and local-Iranian. Toward an Integrative Theory of Urban Design is intended to dispel many of the ambiguities still troubling urban design as a discipline and profession.
|
| 650 |
|
0 |
|a Geography.
|
| 650 |
|
0 |
|a Urban geography.
|
| 650 |
|
0 |
|a Architecture.
|
| 650 |
|
0 |
|a Buildings
|x Design and construction.
|
| 650 |
|
0 |
|a Building.
|
| 650 |
|
0 |
|a Construction.
|
| 650 |
|
0 |
|a Engineering, Architectural.
|
| 650 |
1 |
4 |
|a Geography.
|
| 650 |
2 |
4 |
|a Urban Geography / Urbanism (inc. megacities, cities, towns).
|
| 650 |
2 |
4 |
|a Architecture, general.
|
| 650 |
2 |
4 |
|a Building Construction.
|
| 700 |
1 |
|
|a Bakhtiar, Ameneh.
|e author.
|
| 710 |
2 |
|
|a SpringerLink (Online service)
|
| 773 |
0 |
|
|t Springer eBooks
|
| 776 |
0 |
8 |
|i Printed edition:
|z 9783319326634
|
| 830 |
|
0 |
|a University of Tehran Science and Humanities Series,
|x 2367-1092
|
| 856 |
4 |
0 |
|u http://dx.doi.org/10.1007/978-3-319-32665-8
|z Full Text via HEAL-Link
|
| 912 |
|
|
|a ZDB-2-EES
|
| 950 |
|
|
|a Earth and Environmental Science (Springer-11646)
|